One piece fruit #3 - Statistiques

Statistiques générales
  • Ce quiz a été pris 55 fois
  • Le résultat moyen est 3 sur 8
Statistiques - réponses
Par images Réponse % Correct
Eclosion
95%
Ressort
49%
Ressurection
49%
Fragmentation
44%
Bulle
37%
Serpent
21%
Dessin
14%
Porte
12%
Aucun quiz correspondant
Distribution des résultats
% des personnes avec chaque résultat
Percentile par nombre de réponses
Votre historique - résultats
Vous n’avez pas pris ce quiz